| 000 | 00672nam a2200217 a 4500 | ||
|---|---|---|---|
| 001 | 000015383 | ||
| 003 | DO-SdBNP | ||
| 005 | 20250623100424.0 | ||
| 008 | 100208s2002 dr 001 0 spa d | ||
| 020 | _a9993423238 | ||
| 040 |
_aDO-SdBNP _bspa _cBNPHU |
||
| 049 | _aBNPD | ||
| 082 |
_a972.9305 _bG216n |
||
| 100 | 1 |
_aGarcía Carrasco, Félix _918191 |
|
| 245 | 1 | 3 |
_aLa noche de treinta y un años / _cFélix García Carrasco. |
| 260 |
_aSanto Domingo : _bMediabyte, _c2002. |
||
| 500 | _aIncluye datos biográficos del autor en la contracubierta | ||
| 504 | _aIncluye bibliografía (p. 510-521) | ||
| 650 | 4 |
_aHistoria moderna _ySiglo XX _918490 |
|
| 942 |
_2ddc _cLBS1 |
||
| 999 |
_c14945 _d14945 |
||